[Event "HUN-chT2 Asztalos 1819"]
[Site "Hungary"]
[Date "2019.03.31"]
[Round "8.10"]
[White "Konyves, Almos"]
[Black "Angyal, Ferenc"]
[Result "1-0"]
[WhiteElo "1927"]
[BlackElo "1862"]
[PlyCount "35"]
[EventDate "2018.10.28"]
[EventType "team-tourn"]
[EventRounds "9"]
[EventCountry "HUN"]
[SourceTitle "EXT 2021"]
[Source "ChessBase"]
[SourceDate "2020.10.23"]
[SourceVersion "1"]
[SourceVersionDate "2020.10.23"]
[SourceQuality "1"]
[WhiteTeam "Baja Spartacus"]
[BlackTeam "Kiraly Sakk"]
[WhiteTeamCountry "HUN"]
[BlackTeamCountry "HUN"]

1. e4 e5 2. Nf3 Nc6 3. Bb5 a6 4. Ba4 Nf6 5. 0-0 Nxe4 6. Re1 Nc5 7. Bxc6 dxc6 8. Nxe5 Be6 9. d4 Nd7 10. Bf4 Be7 11. Nc3 Nf6 12. Qe2 0-0 13. Nxf7 Bxf7 14. Qxe7 Qxd4 15. Be5 Qb6 16. Qxc7 Qxb2 17. Ne4 Nd5 18. Qxf7+ 1-0

[Event "HUN-chT2 Asztalos 1819"]
[Site "Hungary"]
[Date "2019.02.10"]
[Round "5.10"]
[White "Kresz, Tamas"]
[Black "Angyal, Ferenc"]
[Result "1/2-1/2"]
[WhiteElo "1738"]
[BlackElo "1862"]
[PlyCount "73"]
[EventDate "2018.10.28"]
[EventType "team-tourn"]
[EventRounds "9"]
[EventCountry "HUN"]
[SourceTitle "CBM 189 Extra"]
[Source "ChessBase"]
[SourceDate "2019.06.03"]
[SourceVersion "1"]
[SourceVersionDate "2019.06.03"]
[SourceQuality "1"]
[WhiteTeam "Komlo"]
[BlackTeam "Kiraly Sakk"]
[WhiteTeamCountry "HUN"]
[BlackTeamCountry "HUN"]

1. e4 e5 2. Nf3 Nc6 3. Bc4 Nf6 4. Ng5 d5 5. exd5 Na5 6. Bb5+ c6 7. dxc6 bxc6 8. Qf3 Rb8 9. Bxc6+ Nxc6 10. Qxc6+ Nd7 11. d3 Be7 12. Ne4 Rb6 13. Qa4 0-0 14. 0-0 Rb4 15. Qxa7 f5 16. Ng3 Bc5 17. Qa3 f4 18. Ne4 Rb8 19. Nxc5 Nxc5 20. Qxc5 Qg5 21. f3 Bh3 22. Qf2 Rf6 23. Re1 Rg6 24. Re2 Bxg2 25. Qxg2 Qf6 26. Nc3 Rxg2+ 27. Rxg2 Qh4 28. Rf2 Rb6 29. Kf1 Qh3+ 30. Ke2 Qc8 31. a4 Qc5 32. Ra3 g6 33. Kf1 h6 34. Ne4 Qd4 35. Nc3 Qc5 36. Ne4 Qd4 37. Nc3 1/2-1/2

[Event "HUN-chT2 Asztalos 1819"]
[Site "Hungary"]
[Date "2019.01.27"]
[Round "4.10"]
[White "Angyal, Ferenc"]
[Black "Molnar, Lajos"]
[Result "1/2-1/2"]
[WhiteElo "1862"]
[BlackElo "1524"]
[PlyCount "53"]
[EventDate "2018.10.28"]
[EventType "team-tourn"]
[EventRounds "9"]
[EventCountry "HUN"]
[SourceTitle "CBM 189 Extra"]
[Source "ChessBase"]
[SourceDate "2019.06.03"]
[SourceVersion "1"]
[SourceVersionDate "2019.06.03"]
[SourceQuality "1"]
[WhiteTeam "Kiraly Sakk"]
[BlackTeam "Szentlorinc"]
[WhiteTeamCountry "HUN"]
[BlackTeamCountry "HUN"]

1. d4 Nf6 2. Nf3 g6 3. Nc3 d5 4. Bf4 c6 5. e3 Bg7 6. Bd3 Bg4 7. h3 Bxf3 8. Qxf3 Nbd7 9. 0-0 0-0 10. Rfe1 Nh5 11. Bh2 e5 12. dxe5 Nxe5 13. Bxe5 Bxe5 14. g4 Ng7 15. Qg2 Bc7 16. Ne2 f5 17. c4 dxc4 18. Bxc4+ Kh8 19. Rad1 Qe7 20. Ng3 Rfe8 21. Re2 Qb4 22. Bb3 fxg4 23. Rd4 Qb5 24. Bc4 gxh3 25. Qxh3 Qc5 26. Rh4 h5 27. Bd3 1/2-1/2

[Event "HUN-chT2 Asztalos 1718"]
[Site "Hungary"]
[Date "2018.03.25"]
[Round "8.9"]
[White "Angyal, Ferenc"]
[Black "Mihalecz, Attila"]
[Result "1-0"]
[WhiteElo "1863"]
[BlackElo "2001"]
[PlyCount "99"]
[EventDate "2017.10.29"]
[EventType "team-tourn"]
[EventRounds "9"]
[EventCountry "HUN"]
[SourceTitle "EXT 2021"]
[Source "ChessBase"]
[SourceDate "2020.10.23"]
[SourceVersion "1"]
[SourceVersionDate "2020.10.23"]
[SourceQuality "1"]
[WhiteTeam "Kiraly Sakk"]
[BlackTeam "Nagyatad"]
[WhiteTeamCountry "HUN"]
[BlackTeamCountry "HUN"]

1. Nf3 d6 2. g3 e5 3. d4 e4 4. Nfd2 f5 5. c4 Nc6 6. e3 Nf6 7. b4 a6 8. Nc3 d5 9. a3 Be6 10. Qb3 dxc4 11. Bxc4 Bxc4 12. Qxc4 Ne7 13. Bb2 Ned5 14. Rc1 c6 15. Nb3 Nxc3 16. Bxc3 Qd5 17. Na5 Qxc4 18. Nxc4 Nd5 19. Bd2 Kd7 20. Ke2 Bd6 21. Rc2 g5 22. f3 exf3+ 23. Kxf3 g4+ 24. Kg2 h5 25. Rf1 Raf8 26. Rb2 h4 27. gxh4 Rxh4 28. Nxd6 Kxd6 29. e4 Ne7 30. Bg5 Rh7 31. Bxe7+ Rxe7 32. exf5 Kd5 33. Rf4 Re4 34. Kg3 Rg8 35. Rxe4 Kxe4 36. f6 Kxd4 37. Kf4 b6 38. Kf5 g3 39. hxg3 Rxg3 40. Rd2+ Kc4 41. Ke6 Rf3 42. Re2 c5 43. bxc5 bxc5 44. Re5 Kd4 45. Rf5 Re3+ 46. Kd7 Rh3 47. f7 Rh7 48. Ke6 Rxf7 49. Rxf7 c4 50. Ra7 1-0

[Event "HUN-chT2 Asztalos 1516"]
[Site "Hungary"]
[Date "2016.04.03"]
[Round "10.4"]
[White "Balazs, Imre"]
[Black "Angyal, Ferenc"]
[Result "1/2-1/2"]
[WhiteElo "2105"]
[BlackElo "1926"]
[PlyCount "55"]
[EventDate "2015.09.13"]
[EventType "team-tourn"]
[EventRounds "11"]
[EventCountry "HUN"]
[SourceTitle "EXT 2017"]
[Source "ChessBase"]
[SourceDate "2016.10.25"]
[SourceVersion "1"]
[SourceVersionDate "2016.10.25"]
[SourceQuality "1"]
[WhiteTeam "Decs 1990 II"]
[BlackTeam "Kiraly Sakk"]
[WhiteTeamCountry "HUN"]
[BlackTeamCountry "HUN"]

1. d4 Nf6 2. c4 g6 3. Nc3 d5 4. Nf3 Bg7 5. Bg5 Ne4 6. cxd5 Nxg5 7. Nxg5 e6 8. Qd2 exd5 9. Qe3+ Kf8 10. Qf4 Bf6 11. Nf3 c6 12. 0-0-0 Na6 13. e4 Nc7 14. e5 Be7 15. Bd3 Ne6 16. Qh6+ Ke8 17. h4 Bf8 18. Qe3 h5 19. Ng5 Bh6 20. f4 Ng7 21. Rde1 Bxg5 22. fxg5 Nf5 23. Bxf5 Bxf5 24. Rhf1 Qd7 25. Rf4 Kd8 26. Ne2 Re8 27. Ng3 Be6 28. Rf6 1/2-1/2

[Event "HUN-chT2 Asztalos 1516"]
[Site "Hungary"]
[Date "2016.03.20"]
[Round "9.5"]
[White "Kadlicsko, Jozsef"]
[Black "Angyal, Ferenc"]
[Result "1-0"]
[WhiteElo "2096"]
[BlackElo "1926"]
[PlyCount "53"]
[EventDate "2015.09.13"]
[EventType "team-tourn"]
[EventRounds "11"]
[EventCountry "HUN"]
[SourceTitle "EXT 2017"]
[Source "ChessBase"]
[SourceDate "2016.10.25"]
[SourceVersion "1"]
[SourceVersionDate "2016.10.25"]
[SourceQuality "1"]
[WhiteTeam "Fehervar"]
[BlackTeam "Kiraly Sakk"]
[WhiteTeamCountry "HUN"]
[BlackTeamCountry "HUN"]

1. d4 Nf6 2. Nf3 g6 3. c4 Bg7 4. g3 c6 5. Bg2 0-0 6. 0-0 d5 7. Qb3 dxc4 8. Qxc4 Be6 9. Qc2 Bf5 10. Qb3 Qc8 11. Re1 Be6 12. Qc2 Na6 13. e4 Nb4 14. Qe2 Re8 15. a3 Na6 16. Nc3 b5 17. Ne5 Ng4 18. Nxc6 Bc4 19. Qd1 e5 20. d5 Nc5 21. h3 Nf6 22. Be3 Nb3 23. Rb1 a6 24. Ne2 Nd7 25. Nc1 Nxc1 26. Rxc1 Nb8 27. Nxb8 1-0

[Event "HUN-chT2 Asztalos 1516"]
[Site "Hungary"]
[Date "2015.12.06"]
[Round "6.7"]
[White "Angyal, Ferenc"]
[Black "Balint, Richard"]
[Result "0-1"]
[WhiteElo "1926"]
[BlackElo "2033"]
[PlyCount "60"]
[EventDate "2015.09.13"]
[EventType "team-tourn"]
[EventRounds "11"]
[EventCountry "HUN"]
[SourceTitle "CBM 170 Extra"]
[Source "ChessBase"]
[SourceDate "2016.02.25"]
[SourceVersion "1"]
[SourceVersionDate "2016.02.25"]
[SourceQuality "1"]
[WhiteTeam "Kiraly Sakk"]
[BlackTeam "Baja Spartacus"]
[WhiteTeamCountry "HUN"]
[BlackTeamCountry "HUN"]

1. Nf3 Nf6 2. g3 d5 3. Bg2 Bf5 4. c4 e6 5. 0-0 c6 6. d3 Bd6 7. Nh4 Bg6 8. Bg5 Nbd7 9. cxd5 exd5 10. Nc3 Qb6 11. Na4 Qa5 12. Bd2 Qd8 13. Nxg6 hxg6 14. e4 d4 15. b3 0-0 16. Nb2 Re8 17. f4 Bf8 18. Nc4 Rc8 19. Be1 b5 20. Nd2 Bb4 21. Nf3 Bc3 22. Rc1 b4 23. Bf2 Ng4 24. Bxd4 Bxd4+ 25. Nxd4 Ne3 26. Qf3 Nxf1 27. Kxf1 Ne5 28. Qe3 Ng4 29. Qg1 c5 30. Nf3 Qxd3+ 0-1

[Event "HUN-chT2 Asztalos 1516"]
[Site "Hungary"]
[Date "2015.11.29"]
[Round "5.7"]
[White "Zsigovics, Andras"]
[Black "Angyal, Ferenc"]
[Result "0-1"]
[WhiteElo "1818"]
[BlackElo "1926"]
[PlyCount "108"]
[EventDate "2015.09.13"]
[EventType "team-tourn"]
[EventRounds "11"]
[EventCountry "HUN"]
[SourceTitle "CBM 170 Extra"]
[Source "ChessBase"]
[SourceDate "2016.02.25"]
[SourceVersion "1"]
[SourceVersionDate "2016.02.25"]
[SourceQuality "1"]
[WhiteTeam "Pet"]
[BlackTeam "Kiraly Sakk"]
[WhiteTeamCountry "HUN"]
[BlackTeamCountry "HUN"]

1. d4 Nf6 2. Nf3 g6 3. Bf4 Bg7 4. h4 c5 5. e3 cxd4 6. exd4 Nc6 7. c3 d6 8. Nbd2 0-0 9. Be2 Nh5 10. Bh2 e5 11. dxe5 dxe5 12. 0-0 Bf5 13. Qa4 a6 14. Rad1 b5 15. Qb3 Qf6 16. Ng5 h6 17. Bxh5 gxh5 18. Nge4 Qxh4 19. Bg3 Qe7 20. f3 Na5 21. Qc2 Rac8 22. Bf2 Rfd8 23. Bb6 Rxd2 24. Rxd2 Nc4 25. Bf2 Nxd2 26. Qxd2 Rd8 27. Qe1 h4 28. Bxh4 f6 29. f4 Bxe4 30. Qxe4 Rd2 31. fxe5 Qxe5 32. Qg6 Qe3+ 33. Kh1 Qd3 34. Qe8+ Kh7 35. Rf3 Qg6 36. Qxg6+ Kxg6 37. Rf2 Rxf2 38. Bxf2 Kf5 39. a4 Ke4 40. axb5 axb5 41. Kh2 f5 42. Bc5 Bf6 43. Kg3 h5 44. Kf2 Kd3 45. Kg3 Bg5 46. Kf3 Kc2 47. Ba3 Bc1 48. Bb4 Kxb2 49. Ke2 Kc2 50. g3 Bd2 51. Kf3 Bxc3 52. Bc5 Be5 53. Bb4 Kb3 54. Bc5 Kc4 0-1

[Event "HUN-chT2 Asztalos 1516"]
[Site "Hungary"]
[Date "2015.10.18"]
[Round "3.7"]
[White "Angyal, Ferenc"]
[Black "Lippai, Gyorgy"]
[Result "1-0"]
[WhiteElo "1926"]
[BlackElo "1727"]
[PlyCount "77"]
[EventDate "2015.09.13"]
[EventType "team-tourn"]
[EventRounds "11"]
[EventCountry "HUN"]
[SourceTitle "CBM 170 Extra"]
[Source "ChessBase"]
[SourceDate "2016.02.25"]
[SourceVersion "1"]
[SourceVersionDate "2016.02.25"]
[SourceQuality "1"]
[WhiteTeam "Kiraly Sakk"]
[BlackTeam "Sarosd"]
[WhiteTeamCountry "HUN"]
[BlackTeamCountry "HUN"]

1. Nf3 d5 2. g3 c6 3. Bg2 Nd7 4. d4 Qc7 5. Bf4 Qd8 6. 0-0 Ngf6 7. c4 e6 8. Nc3 Nh5 9. Bg5 Qc7 10. cxd5 exd5 11. Rc1 h6 12. Bd2 f5 13. Nxd5 Qb8 14. Nf4 Ndf6 15. Ng6 Rg8 16. Nfe5 Bd6 17. Qb3 Bxe5 18. dxe5 Qc7 19. exf6 Nxf6 20. Bf4 Qf7 21. Qxf7+ Kxf7 22. Ne5+ Kf8 23. Nxc6 g5 24. Bd6+ Kf7 25. Nd4 Rd8 26. Rc7+ Kg6 27. Be5 Ng4 28. Nf3 Re8 29. Bc3 Rxe2 30. Nd4 Re8 31. Bxb7 Bxb7 32. Rxb7 Nf6 33. Re1 Ne4 34. f3 Nd6 35. Rxe8 Rxe8 36. Rxa7 Nf7 37. Ra6+ Kh5 38. Nxf5 g4 39. Ng7+ 1-0

[Event "HUN-chT2 Asztalos 1415"]
[Site "Hungary"]
[Date "2014.10.12"]
[Round "1"]
[White "Varga, Zsolt"]
[Black "Angyal, Ferenc"]
[Result "1/2-1/2"]
[WhiteElo "2050"]
[BlackElo "1955"]
[PlyCount "48"]
[EventDate "2014.10.12"]
[EventType "team-tourn"]
[EventRounds "9"]
[EventCountry "HUN"]
[SourceTitle "EXT 2016"]
[Source "ChessBase"]
[SourceDate "2015.10.08"]
[SourceVersion "1"]
[SourceVersionDate "2015.10.08"]
[SourceQuality "1"]
[WhiteTeam "Pecs Karmin"]
[BlackTeam "Dunaujvaros"]
[WhiteTeamCountry "HUN"]
[BlackTeamCountry "HUN"]

1. e4 e5 2. Nf3 Nc6 3. Bb5 a6 4. Ba4 Nf6 5. d3 d6 6. h3 Be7 7. 0-0 0-0 8. c4 Bd7 9. Nc3 Re8 10. Be3 Rb8 11. Rb1 Bf8 12. Qd2 Ne7 13. Bxd7 Nxd7 14. b4 f5 15. exf5 Nxf5 16. Nd5 Nxe3 17. fxe3 c6 18. Nc3 Nf6 19. Nh4 g6 20. Rf2 Nh5 21. Nf3 Ng3 22. Kh2 Nf5 23. g4 Nh4 24. a3 Bh6 1/2-1/2

[Event "HUN-chT2 Asztalos 1314"]
[Site "Hungary"]
[Date "2014.02.16"]
[Round "5"]
[White "Angyal, Ferenc"]
[Black "Konya, Attila Sr"]
[Result "1-0"]
[WhiteElo "1958"]
[BlackElo "1845"]
[PlyCount "137"]
[EventDate "2013.09.08"]
[EventType "team-tourn"]
[EventRounds "9"]
[EventCountry "HUN"]
[SourceTitle "EXT 2016"]
[Source "ChessBase"]
[SourceDate "2015.10.08"]
[SourceVersion "1"]
[SourceVersionDate "2015.10.08"]
[SourceQuality "1"]
[WhiteTeam "Kiraly Sakk"]
[BlackTeam "Pecs Karmin"]
[WhiteTeamCountry "HUN"]
[BlackTeamCountry "HUN"]

1. Nf3 Nf6 2. g3 d5 3. Bg2 c6 4. 0-0 Bf5 5. c4 e6 6. d3 h6 7. Nc3 Be7 8. Bd2 0-0 9. Rc1 Nbd7 10. a3 e5 11. cxd5 cxd5 12. Nh4 Be6 13. Nb5 Ne8 14. Nf3 a6 15. Nc3 Nd6 16. Ne1 Nf6 17. Nc2 Qd7 18. Nb4 Nf5 19. Na4 Qd6 20. Nc5 Rac8 21. Nxe6 fxe6 22. e3 b5 23. Na2 Qb6 24. Qb3 a5 25. Nc3 Nd6 26. Ne2 Nd7 27. Rxc8 Rxc8 28. Rc1 Nc5 29. Qc3 e4 30. dxe4 Ncxe4 31. Qxa5 Rxc1+ 32. Nxc1 Qxa5 33. Bxa5 Nc4 34. Bxe4 Nxa5 35. Bg6 Nc4 36. Nd3 Kf8 37. b3 Nxa3 38. Nf4 Bf6 39. Nxe6+ Ke7 40. Nd4 Kd6 41. b4 Kc7 42. Kf1 Kb6 43. Ke2 Nc4 44. Bf7 Bxd4 45. exd4 Kc6 46. f4 Nd6 47. Bg6 Kd7 48. g4 Ke6 49. h4 Kf6 50. h5 Ke6 51. Bd3 Kf6 52. Kf2 Ke6 53. g5 hxg5 54. fxg5 Nf7 55. Bxb5 Nxg5 56. Bd3 Kd6 57. b5 Ne6 58. Ke3 Kc7 59. Bf5 Nf8 60. Kf4 Kd6 61. Bg4 Kc7 62. Ke5 Kb6 63. Be2 Nd7+ 64. Kxd5 Nf6+ 65. Ke6 Kc7 66. Kf7 Kb6 67. h6 gxh6 68. Kxf6 h5 69. Kg5 1-0

[Event "HUN-chT2 Asztalos 1213"]
[Site "Hungary"]
[Date "2012.12.02"]
[Round "5.7"]
[White "Forgacs, Istvan"]
[Black "Angyal, Ferenc"]
[Result "1/2-1/2"]
[WhiteElo "1936"]
[BlackElo "1991"]
[PlyCount "52"]
[EventDate "2012.09.16"]
[EventType "team-tourn"]
[EventRounds "9"]
[EventCountry "HUN"]
[SourceTitle "EXT 2014"]
[Source "ChessBase"]
[SourceDate "2013.11.20"]
[SourceVersion "1"]
[SourceVersionDate "2013.11.20"]
[SourceQuality "1"]
[WhiteTeam "Mohacs"]
[BlackTeam "Dunaujvaros"]
[WhiteTeamCountry "HUN"]
[BlackTeamCountry "HUN"]

1. e4 e5 2. Nf3 Nc6 3. Bb5 a6 4. Ba4 Nf6 5. 0-0 Nxe4 6. Re1 Nc5 7. Nxe5 Nxe5 8. Rxe5+ Ne6 9. d4 Bd6 10. Re1 0-0 11. c3 b5 12. Bc2 Bb7 13. Nd2 Qh4 14. g3 Qh3 15. Be4 Bxe4 16. Nxe4 Be7 17. d5 Nc5 18. Qf3 Nxe4 19. Rxe4 Bf6 20. Bd2 Rfe8 21. Rae1 Rxe4 22. Qxe4 h6 23. Be3 d6 24. Bd2 Qd7 25. Kg2 Be5 26. f4 Bf6 1/2-1/2

[Event "HUN-chT2 Asztalos 1213"]
[Site "Hungary"]
[Date "2012.09.16"]
[Round "1.6"]
[White "Nogradi, Gabor"]
[Black "Angyal, Ferenc"]
[Result "1-0"]
[WhiteElo "2034"]
[BlackElo "1991"]
[PlyCount "61"]
[EventDate "2012.09.16"]
[EventType "team-tourn"]
[EventRounds "9"]
[EventCountry "HUN"]
[SourceTitle "EXT 2014"]
[Source "ChessBase"]
[SourceDate "2013.11.20"]
[SourceVersion "1"]
[SourceVersionDate "2013.11.20"]
[SourceQuality "1"]
[WhiteTeam "Pecs Karmin"]
[BlackTeam "Dunaujvaros"]
[WhiteTeamCountry "HUN"]
[BlackTeamCountry "HUN"]

1. Nf3 Nf6 2. b3 g6 3. Bb2 Bg7 4. e3 d5 5. Be2 c5 6. 0-0 Nc6 7. Ne5 0-0 8. Nxc6 bxc6 9. Be5 Nd7 10. Bxg7 Kxg7 11. d4 cxd4 12. exd4 a5 13. Nd2 Ba6 14. Re1 Bxe2 15. Qxe2 e6 16. Nf3 Qc7 17. a4 Rfb8 18. Rab1 Qf4 19. g3 Qd6 20. Rbd1 c5 21. dxc5 Qxc5 22. Rd3 Rb4 23. c4 Nf6 24. Qe5 Rd8 25. Red1 Qd6 26. Qa1 Qe7 27. Ne5 Qb7 28. Ng4 Qe7 29. Rf3 e5 30. Nxf6 d4 31. Nd5 1-0

[Event "HUN-chT2 Asztalos 1112"]
[Site "Hungary"]
[Date "2012.05.20"]
[Round "11.8"]
[White "Angyal, Ferenc"]
[Black "Balint, Richard"]
[Result "0-1"]
[WhiteElo "2004"]
[BlackElo "1989"]
[PlyCount "64"]
[EventDate "2011.09.25"]
[EventType "team-tourn"]
[EventRounds "11"]
[EventCountry "HUN"]
[SourceTitle "EXT 2013"]
[Source "ChessBase"]
[SourceDate "2012.11.22"]
[SourceVersion "1"]
[SourceVersionDate "2012.11.22"]
[SourceQuality "1"]
[WhiteTeam "Dunaujvaros"]
[BlackTeam "Baja"]
[WhiteTeamCountry "HUN"]
[BlackTeamCountry "HUN"]

1. Nf3 d5 2. g3 c5 3. Bg2 Nc6 4. d4 Nf6 5. 0-0 cxd4 6. Nxd4 e5 7. Nxc6 bxc6 8. c4 Be6 9. Nc3 Bc5 10. Bg5 Bd4 11. Bxf6 gxf6 12. cxd5 cxd5 13. e3 Bxc3 14. bxc3 Rc8 15. Qa4+ Qd7 16. Qh4 Ke7 17. e4 Rc5 18. f4 Qd6 19. Rab1 Rhc8 20. f5 Bd7 21. Qxh7 Rxc3 22. exd5 Rc2 23. Qh6 Rxg2+ 24. Kxg2 Rc2+ 25. Rf2 Qxd5+ 26. Kg1 Rxf2 27. Kxf2 Qxa2+ 28. Kf3 Qxb1 29. Qe3 Qxf5+ 30. Kg2 Bc6+ 31. Kg1 Qb1+ 32. Kf2 Qb6 0-1

[Event "HUN-chT2 Asztalos 1112"]
[Site "Hungary"]
[Date "2012.03.25"]
[Round "8.8"]
[White "Horvath, Attila"]
[Black "Angyal, Ferenc"]
[Result "1-0"]
[WhiteElo "2108"]
[BlackElo "2004"]
[PlyCount "35"]
[EventDate "2011.09.25"]
[EventType "team-tourn"]
[EventRounds "11"]
[EventCountry "HUN"]
[SourceTitle "EXT 2013"]
[Source "ChessBase"]
[SourceDate "2012.11.22"]
[SourceVersion "1"]
[SourceVersionDate "2012.11.22"]
[SourceQuality "1"]
[WhiteTeam "Szentlorinc"]
[BlackTeam "Dunaujvaros"]
[WhiteTeamCountry "HUN"]
[BlackTeamCountry "HUN"]

1. e4 e5 2. Nf3 Nc6 3. Bb5 a6 4. Ba4 Nf6 5. d3 d6 6. h3 Be7 7. Nc3 b5 8. Bb3 Na5 9. Be3 0-0 10. Ne2 Nxb3 11. axb3 Bb7 12. Ng3 Re8 13. Nf5 Bf8 14. Ng5 d5 15. exd5 Nxd5 16. Qh5 h6 17. Nxh6+ gxh6 18. Qxf7+ 1-0

[Event "HUN-chT2 Asztalos 1011"]
[Site "Hungary"]
[Date "2011.05.01"]
[Round "10.8"]
[White "Fath, Jozsef Jr"]
[Black "Angyal, Ferenc"]
[Result "0-1"]
[WhiteElo "2002"]
[BlackElo "2156"]
[PlyCount "97"]
[EventDate "2010.09.12"]
[EventType "team-tourn"]
[EventRounds "11"]
[EventCountry "HUN"]
[SourceTitle "EXT 2012"]
[Source "ChessBase"]
[SourceDate "2011.11.24"]
[SourceVersion "1"]
[SourceVersionDate "2011.11.24"]
[SourceQuality "1"]
[WhiteTeam "Dombovar"]
[BlackTeam "Dunajvaros"]
[WhiteTeamCountry "HUN"]
[BlackTeamCountry "HUN"]

1. d4 Nf6 2. Bf4 g6 3. Nf3 Bg7 4. c3 b6 5. e3 c5 6. Nbd2 0-0 7. Qb3 Nc6 8. Bb5 a6 9. Bxc6 dxc6 10. 0-0 Be6 11. Qc2 Nh5 12. dxc5 Nxf4 13. exf4 bxc5 14. Qa4 Qc7 15. Rfe1 Rfb8 16. Nb3 c4 17. Nbd4 Bd5 18. Qc2 c5 19. Ne2 Bxf3 20. gxf3 Qb7 21. Rab1 Qxf3 22. Ng3 e6 23. Re3 Qxf4 24. Re4 Qc7 25. Rxc4 f5 26. b4 Bf8 27. Qe2 e5 28. a3 Qf7 29. Rd1 cxb4 30. axb4 a5 31. bxa5 Rxa5 32. Rc6 e4 33. Qc4 Qxc4 34. Rxc4 Rc5 35. Rxc5 Bxc5 36. Ne2 Rb2 37. Kf1 Rc2 38. Rc1 Rxc1+ 39. Nxc1 Kf7 40. Ke2 Ke6 41. f3 Ba3 42. Nb3 exf3+ 43. Kxf3 Kd5 44. Nd4 Bb2 45. Kf4 Bxc3 46. Nxf5 Bd2+ 47. Kg4 h5+ 48. Kh4 gxf5 49. Kxh5 0-1

[Event "HUN-chT2 Asztalos 1011"]
[Site "Hungary"]
[Date "2011.04.10"]
[Round "8.8"]
[White "Galambos, Menyhert"]
[Black "Angyal, Ferenc"]
[Result "1/2-1/2"]
[WhiteElo "1921"]
[BlackElo "2156"]
[PlyCount "57"]
[EventDate "2010.09.12"]
[EventType "team-tourn"]
[EventRounds "11"]
[EventCountry "HUN"]
[SourceTitle "EXT 2012"]
[Source "ChessBase"]
[SourceDate "2011.11.24"]
[SourceVersion "1"]
[SourceVersionDate "2011.11.24"]
[SourceQuality "1"]
[WhiteTeam "Baja"]
[BlackTeam "Dunajvaros"]
[WhiteTeamCountry "HUN"]
[BlackTeamCountry "HUN"]

1. d4 Nf6 2. c4 g6 3. Nc3 d5 4. Nf3 Bg7 5. Bf4 0-0 6. Rc1 c5 7. dxc5 dxc4 8. e3 Qa5 9. Bxc4 Qxc5 10. Bb3 Nc6 11. 0-0 Qa5 12. Qe2 Nh5 13. Bg5 Bg4 14. Nd5 e6 15. Ne7+ Nxe7 16. Bxe7 Rfe8 17. Ba3 Qf5 18. h3 Bxf3 19. Qxf3 Qxf3 20. gxf3 Rac8 21. Rfd1 Bf8 22. Rxc8 Rxc8 23. Bxf8 Kxf8 24. Rd7 Rb8 25. f4 Nf6 26. Rc7 Ne8 27. Rd7 Nf6 28. Rc7 Ne8 29. Rd7 1/2-1/2

[Event "HUN-chT2 Asztalos 1011"]
[Site "Hungary"]
[Date "2010.11.07"]
[Round "5.9"]
[White "Kohalmi, Endre Jr"]
[Black "Angyal, Ferenc"]
[Result "1-0"]
[WhiteElo "1991"]
[BlackElo "2156"]
[PlyCount "115"]
[EventDate "2010.09.12"]
[EventType "team-tourn"]
[EventRounds "11"]
[EventCountry "HUN"]
[SourceTitle "EXT 2012"]
[Source "ChessBase"]
[SourceDate "2011.11.24"]
[SourceVersion "1"]
[SourceVersionDate "2011.11.24"]
[SourceQuality "1"]
[WhiteTeam "Komlo"]
[BlackTeam "Dunajvaros"]
[WhiteTeamCountry "HUN"]
[BlackTeamCountry "HUN"]

1. Nf3 Nf6 2. b3 g6 3. Bb2 Bg7 4. e3 d5 5. c4 0-0 6. cxd5 Nxd5 7. Bxg7 Kxg7 8. Qc2 Kg8 9. a3 c6 10. Nc3 Nd7 11. d4 N7f6 12. Bd3 Qa5 13. Kd2 Nxc3 14. Qxc3 Qh5 15. Qc5 Qxc5 16. dxc5 Rd8 17. Ke2 Be6 18. Rab1 Bd5 19. Rhc1 Ne4 20. Ne1 f5 21. f3 Nf6 22. Bc4 Kg7 23. Nd3 Bxc4 24. Rxc4 Rd5 25. Nf4 Rd7 26. Rd1 Rxd1 27. Kxd1 e5 28. Ne6+ Kf7 29. Ng5+ Ke7 30. Rh4 h5 31. Rb4 Rd8+ 32. Ke2 Rd7 33. e4 fxe4 34. fxe4 Rc7 35. Nf3 Nd7 36. Rc4 Kf6 37. Rc1 g5 38. b4 Nf8 39. Rf1 Ne6 40. g3 Re7 41. Nh4+ Nf4+ 42. gxf4 gxh4 43. f5 Rg7 44. Kf3 h3 45. Rd1 Rg2 46. Rd6+ Ke7 47. Re6+ Kf7 48. Rxe5 Rxh2 49. Kg3 Ra2 50. Kxh3 Rxa3+ 51. Kh4 Rb3 52. Kg5 Rxb4 53. f6 Rb1 54. Re7+ Kf8 55. Kf5 a5 56. Ke6 Re1 57. e5 a4 58. Rxb7 1-0

[Event "HUN-chT2 Asztalos 1011"]
[Site "Hungary"]
[Date "2010.10.24"]
[Round "4.7"]
[White "Angyal, Ferenc"]
[Black "Horvath, Janos"]
[Result "0-1"]
[WhiteElo "2156"]
[BlackElo "2091"]
[PlyCount "77"]
[EventDate "2010.09.12"]
[EventType "team-tourn"]
[EventRounds "11"]
[EventCountry "HUN"]
[SourceTitle "EXT 2012"]
[Source "ChessBase"]
[SourceDate "2011.11.24"]
[SourceVersion "1"]
[SourceVersionDate "2011.11.24"]
[SourceQuality "1"]
[WhiteTeam "Dunajvaros"]
[BlackTeam "Kaposvar Bastya"]
[WhiteTeamCountry "HUN"]
[BlackTeamCountry "HUN"]

1. Nf3 Nf6 2. g3 e6 3. Bg2 Be7 4. c4 c5 5. 0-0 0-0 6. Nc3 Nc6 7. d4 cxd4 8. Nxd4 a6 9. a3 Qc7 10. b4 Rd8 11. Nf3 d5 12. cxd5 Nxd5 13. Nxd5 Rxd5 14. Qb3 Bf6 15. Bb2 Bxb2 16. Qxb2 e5 17. Rac1 Bg4 18. h3 Bd7 19. Ng5 Rb5 20. Qc2 g6 21. Ne4 Bf5 22. Qc4 Qe7 23. Nc3 Be6 24. Qe4 Rb6 25. Qe3 Qc7 26. Ne4 Rb5 27. Nc3 Rb6 28. g4 Re8 29. Bd5 Qd8 30. Bxe6 Rxe6 31. Rfd1 Nd4 32. Na4 Rb5 33. Nc5 Re8 34. Kh2 Qe7 35. Qd3 b6 36. Nxa6 Qb7 37. Rc7 Qxa6 38. Rd7 Ra8 39. Qe4 0-1